000 00876nam a2200229Ia 4500
999 _c36396
_d36396
001 2310
003 GE_BSU
005 20190528140136.0
008 181216s2011||||ge |||||||||||||| ||geo||
020 _a9789941435027
040 _cGE_BSU
041 _ageo
080 _a398(479.223) ც–51
100 _aცეცხლაძე, შოთა
_91699
245 _aხალხური თვითმოქმედების მოამაგენი /
_cრედ. ოთარ ფტკარაძე
264 _aბათუმი:
_bშპს პოლიგრაფია,
_c2011.
300 _a151 გვ.;
_b21 სმ.
653 _aეთნოგრაფია
653 _aაჭარის ხალხთა ისტორია
700 _aფუტკარაძე, ოთარ
_eრედაქტორი
_91700
942 _cBK
_2udc